00513nam a22001577a 4500082002800000100002900028245002900057250001200086260005500098300002500153526003700178650001300215942001200228999001900240952009600259 a370.15bSORcL-31, P-10 aSorenson, Herbert938253 aPsychology in education/ a2nd ed. aNew york:bMcgraw Hill book company, inc. ,cc1948 aviii, 529 p, :c16cm a0b0c0d370_150000000000000_SOR aMCE9379 2ddccBK c542895d542895 00102ddc4070aMCEbMCEd2014-02-24l0o370.15 SORpMCE-40188r2014-02-24w2014-02-24yBK